Pokémon - Les attaques de Amovénus - Statistiques

Statistiques générales
  • Ce quiz a été pris 14 fois
  • Le résultat moyen est 12 sur 17
Statistiques - réponses
Niveaux Types Noms des attaques % Correct
Niveau 40 Fée Éclat Magique
100%
Départ Spectre Étonnement
100%
Niveau 15 Dragon Ouragan
100%
Niveau 65 Fée Pouvoir Lunaire
100%
Niveau 75 Fée Typhon Passionné
100%
Départ Fée Vent Féérique
100%
Niveau 35 Feu Feu Ensorcelé
86%
Niveau 25 Acier Mur de Fer
86%
Niveau 20 Fée Vampibaiser
86%
Niveau 70 Dragon Colère
71%
Niveau 45 Psy Extrasenseur
71%
Niveau 55 Combat Surpuissance
57%
Niveau 5 Ténèbres Tourmente
57%
Niveau 10 Ténèbres Flatterie
29%
Niveau 60 Psy Vœu Soin
29%
Niveau 30 Psy Possessif
14%
Niveau 50 Normal Brouhaha
0%
Aucun quiz correspondant
Distribution des résultats
% des personnes avec chaque résultat
Percentile par nombre de réponses
Votre historique - résultats
Vous n’avez pas pris ce quiz